| 000 | 00596nam a22001817a 4500 | ||
|---|---|---|---|
| 005 | 20251108173409.0 | ||
| 008 | 250721s2006 xx 000 0 ara d | ||
| 082 | 1 | 4 | _a211.63/ زيد |
| 100 | 1 | _aأبوزيد، نايل ممدوح | |
| 245 | 1 | 0 | _aدراسات في إعجاز القرآن البياني / |
| 264 | 1 |
_aالكرك : _bمؤسسة رام للتكنولوجيا والكمبيوتر، _c2006. |
|
| 300 | _a231ص. | ||
| 650 | 1 | 7 | _aالقرآن الكريم |
| 650 | 1 | 7 | _aالاعجاز البلاغي |
| 650 | 1 | 7 | _aإعجار القرآن |
| 942 |
_2ddc _cBK |
||
| 999 |
_c102935 _d102935 |
||